Statistiques concernant Pays en 10 lettres

Cliquez ici pour prendre le quiz!

Statistiques générales

  • Ce quiz a été pris 81 fois
  • Le résultat moyen est 7 sur 12

Statistiques - réponses

ContinentPays% Correct
EuropeRoyaume-Uni
73%
EuropeLuxembourg
68%
AsieKazakhstan
67%
AfriqueMadagascar
67%
AfriqueMauritanie
65%
AsieCorée du Sud
63%
AfriqueMozambique
61%
EuropeMonténégro
60%
OcéanieMicronesie
59%
AsieBangladesh
57%
EuropeSaint-Marin
48%
AfriqueSeychelles
43%

Distribution des résultats

Percentile par nombre de réponses

% des personnes avec chaque résultat

Votre développement - résultats

Vous n’avez pas pris ce quiz